000 00585nam a2200193 a 4500
001 000032324
005 20240530073920.0
008 110714s1925 es 000 f spa d
040 _aDO-SdBNP
_bspa
_cBNPHU
082 _aRD863.42
_bM516s
100 1 _aMejía de Fernández, Abigaíl,
_d1895-1941
_923312
245 1 0 _aSueña pilarín :
_bnovela /
_cAbigail Mejía.
260 _aBarcelona :
_bAltés,
_c1925.
300 _a241 p. ;
_c21 cm.
650 0 _aNovela dominicana
_9223
650 0 _aLiteratura dominicana.
_967
910 _aValidado. Control de calidad EMS.
049 _aBNPD
999 _c31815
_d31815